Innovation Potential of Regions in the Slovak Republic

Analýza inovačného potenciálu regiónov v Slovenskej republike ako zdroja ich konkurencieschopnosti.

Guardado en:
Detalles Bibliográficos
Autor principal: Hudáková, Jarmila
Otros Autores: Fiľa, Milan, Maroš, Milan
Formato: Capítulo de libro
Lenguaje:inglés
Materias:
Etiquetas: Agregar Etiqueta
Sin Etiquetas, Sea el primero en etiquetar este registro!

MARC

LEADER 00000naa a2200000 4500
001 0242943
005 20221104110212.1
041 0 |a eng 
044 |a SK 
245 1 0 |a Innovation Potential of Regions in the Slovak Republic  |c Jarmila Hudáková, Milan Fiľa, Milan Maroš 
520 |a Analýza inovačného potenciálu regiónov v Slovenskej republike ako zdroja ich konkurencieschopnosti. 
610 2 0 |a Slovensko 
610 2 0 |a stratégia inovačná 
610 2 0 |a politika regionálna 
610 2 0 |a rozvoj regionálny 
610 2 0 |a konkurencieschopnosť 
100 1 |a Hudáková, Jarmila 
700 1 |a Fiľa, Milan 
700 1 |a Maroš, Milan